| 000 | 00000nam##2200000za#4500 |
| 001 | 9.699149 |
| 003 | CaOODSP |
| 005 | 20210625000242 |
| 007 | cr ||||||||||| |
| 008 | 150407|2002||||xxc|||||o f|0| 0 eng|d |
| 040 | |aCaOODSP|beng |
| 043 | |an-cn--- |
| 086 | 1 |aEn40-495/2-2003E-PDF |
| 110 | 1 |aCanada. |bEnvironment Canada. |bEnvironmental Protection Service. |
| 245 | 10|aSupplementary guide for reporting criteria air contaminants (CACs) to the National Pollutant Release Inventory / |h[electronic resource]|cprepared by Christa Seaman, Michelle Raizenne, Mahesh Kashyap, David Niemi, Art Beckett, and Alison Kennedy. |
| 260 | |aHull - Quebec : |bEnvironment Canada. |c2002. |
| 300 | |a88p.|bfigs., glossary, tables |
| 500 | |aThe catalogue number (En40-495/2-2003E) and ISBN (0-662-33776-X) for the print edition have been incorrectly copied in this electronic publication. "Canadian Environmental Protection Act, 1999"--Cover. |
| 590 | |a14-21-Supp|b2014-12-11 |
| 690 | 07|aPollutants|2gcpds |
| 775 | 08|tGuide supplémentaire de déclaration des principaux contaminants atmosphériques (PCA) à l'Inventaire national des rejets de polluants / |w(CaOODSP)9.643127 |
| 856 | 40|ahttp://publications.gc.ca|qPDF|s413 KB|uhttps://publications.gc.ca/collections/collection_2014/ec/En40-495-2-2003-eng.pdf |
| 986 | |aEPSM-487 |